000 00441cam a2200181ua 4500
001 925
008 110423n ii |||gr||||Z||||||eng
040 _cMAIN
082 _a350.1
245 1 _aPublic administration.
_cBy Andre Molitor.
250 _a1st.
260 _aDelhi.:
_bUniversal book.,968.
300 _a292 p.:6 cm.
653 _aPolitical science.
653 _aPublic administration.
700 1 _aMolitor, Andre.,
942 _cBK
999 _c848
_d848